Music Quiz

Random Music or Song Quiz
Score 0/8 Timer 03:00
0 Plays Today
% Correct
Firework
100%
F**kin' Perfect
66.7%
I Need A Doctor
16.7%
Look At Me Now
16.7%
Coming Home
16.7%
Hey Baby
16.7%
Rocketeer
0%
Tonight Im Loving You
0%

You're not logged in!

Compare scores with friends on all Sporcle quizzes.
OR
Log In

From the Vault

Remove Ads.
Support Sporcle.
Get the best of Sporcle when you Go Orange. This ad-free experience offers more features, more stats, and more fun while also helping to support Sporcle. Thank you for becoming a member.

Show Comments

Extras

Created Feb 6, 2011ReportNominate
Tags:Song Quiz, New Songs

Top Quizzes Today


Score Distribution

Your Account Isn't Verified!

In order to create a playlist on Sporcle, you need to verify the email address you used during registration. Go to your Sporcle Settings to finish the process.

Report this User

Report this user for behavior that violates our Community Guidelines.

Details: